[Event "6th American Continental (w)"]
[Site "Duran ECU"]
[Date "2011.06.15"]
[Round "5.3"]
[White "Heredia Serrano, Carla"]
[Black "Lujan, Carolina"]
[Result "0-1"]
[WhiteElo "2071"]
[BlackElo "2353"]
[EventDate "2011.06.12"]
[PlyCount "76"]

1.e4 c5 2.Nf3 e6 3.d4 cxd4 4.Nxd4 a6 5.Be2 Nf6 6.Nc3 Qc7 7.O-O Nc6 8.Be3 
d6 9.a4 Be7 10.Kh1 O-O 11.f4 Re8 12.Bf3 Rb8 13.g4 Nd7 14.g5 Bf8 15.Bg2 b6 
16.Nde2 Bb7 17.Ng3 Rbd8 18.Qd2 Nc5 19.Qf2 g6 20.Rad1 Bg7 21.h4 Nb4 22.Rd2 
Rc8 23.Rfd1 Bf8 24.h5 Nc6 25.Bf3 Rcd8 26.hxg6 fxg6 27.Kg2 Qe7 28.Nf1 Nb4 
29.Nh2 Bg7 30.Ng4 Rf8 31.e5 Bxf3+ 32.Qxf3 Bxe5 33.Nxe5 dxe5 34.Rxd8 Rxd8 
35.Bxc5 bxc5 36.Rxd8+ Qxd8 37.Ne4 Nxc2 38.fxe5 Ne1+ 0-1

[Event "6th American Continental (w)"]
[Site "Duran ECU"]
[Date "2011.06.15"]
[Round "5.5"]
[White "Romero Echeverria, Abigail"]
[Black "Mateus Urbano, Martha"]
[Result "0-1"]
[WhiteElo "2062"]
[BlackElo "2170"]
[EventDate "2011.06.12"]
[PlyCount "124"]

1.e4 c5 2.c3 d5 3.exd5 Qxd5 4.d4 Nf6 5.Nf3 Bg4 6.Be2 e6 7.h3 Bh5 8.O-O Nc6
9.Na3 cxd4 10.Nb5 Rc8 11.Nbxd4 Be7 12.Qa4 a6 13.Be3 O-O 14.Rfd1 Qa5 15.Qb3
Nxd4 16.Nxd4 Bxe2 17.Nxe2 Nd5 18.Bd4 Qc7 19.Rd3 Rfd8 20.Rad1 b5 21.Rg3 e5 
22.Be3 Nxe3 23.Rxe3 Bc5 24.Red3 Qb6 25.Rxd8+ Rxd8 26.Rxd8+ Qxd8 27.Qc2 Qh4
28.Nc1 e4 29.Nb3 Bb6 30.Nd4 e3 31.Qe2 exf2+ 32.Qxf2 Qe4 33.a3 a5 34.Kh1 g6
35.Qe2 Qxe2 36.Nxe2 f5 37.Kh2 Kf7 38.Kg3 g5 39.Kf3 Ke6 40.b3 Kd5 41.Ng3 a4
42.bxa4 bxa4 43.Ke2 f4 44.Nf5 Bc5 45.Kd3 Bxa3 46.c4+ Ke5 47.Nd4 Bc5 48.
Nf3+ Kf5 49.Nd2 a3 50.Nb3 a2 51.Kc3 g4 52.hxg4+ Kxg4 53.Kb2 Be3 54.c5 
a1=Q+ 55.Kxa1 Kg3 56.c6 Bb6 57.Kb2 Kxg2 58.Kc2 f3 59.Kd3 f2 60.Nd2 h5 61.
Ke2 h4 62.Nf1 h3 0-1

[Event "6th American Continental (w)"]
[Site "Duran ECU"]
[Date "2011.06.15"]
[Round "5.6"]
[White "Frometa Castillo, Zirka"]
[Black "Orozco Lopez, Lina Yomayra"]
[Result "0-1"]
[WhiteElo "2125"]
[BlackElo "2145"]
[EventDate "2011.06.12"]
[PlyCount "82"]

1.d4 Nf6 2.Bf4 c5 3.e3 Qb6 4.b3 e6 5.c3 a6 6.Nf3 d5 7.Bd3 Nc6 8.h3 Be7 9.
Nbd2 Qa5 10.Qc2 Bd7 11.dxc5 Qxc5 12.b4 Qa7 13.O-O Rc8 14.Qb3 b5 15.a4 Qb6 
16.axb5 axb5 17.Nd4 Nxd4 18.cxd4 O-O 19.Ra5 Ra8 20.Rfa1 Qb7 21.g4 h6 22.
Nf3 Rfc8 23.Ne5 Be8 24.Kg2 g5 25.Bh2 Kg7 26.f4 Ne4 27.fxg5 hxg5 28.Rxa8 
Rxa8 29.Rxa8 Qxa8 30.Bc2 Qa4 31.Nd3 Qa1 32.Nc5 Qe1 33.Bxe4 dxe4 34.Be5+ 
Kf8 35.Bg3 Qe2+ 36.Kg1 Qf3 37.Kh2 Qe2+ 38.Kg1 Qf3 39.Kh2 Bc6 40.Qc3 Bd5 
41.Be1 Ke8 0-1

[Event "6th American Continental (w)"]
[Site "Duran ECU"]
[Date "2011.06.15"]
[Round "5.7"]
[White "Castrillon Gomez, Melissa"]
[Black "Rodriguez Rueda, Paula Andrea"]
[Result "0-1"]
[WhiteElo "2386"]
[BlackElo "2069"]
[EventDate "2011.06.12"]
[PlyCount "126"]

1.e4 c5 2.Nc3 d6 3.f4 Nc6 4.Nf3 g6 5.Bc4 Bg7 6.O-O e6 7.d3 Nge7 8.Qe1 O-O 
9.f5 exf5 10.Qh4 h5 11.Bg5 Qc7 12.Bf6 a6 13.a4 Be6 14.Bxg7 Kxg7 15.Bxe6 
fxe6 16.Ng5 Nd4 17.exf5 Nexf5 18.Rxf5 exf5 19.Qxd4+ cxd4 20.Ne6+ Kf7 21.
Nxc7 dxc3 22.Nxa8 cxb2 23.Rb1 Rxa8 24.Rxb2 Rb8 25.c4 g5 26.Rb6 Ke7 27.d4 
Kd7 28.c5 dxc5 29.dxc5 Kc7 30.Rf6 f4 31.Rf5 Rg8 32.Kf2 Kc6 33.h4 gxh4 34.
Rxh5 Rg4 35.Kf3 Rg3+ 36.Kxf4 Ra3 37.Ke4 Rxa4+ 38.Kd3 Rg4 39.Kc3 a5 40.Kb3 
Kb5 41.c6+ Kxc6 42.Rxa5 Rxg2 43.Rh5 Rg3+ 44.Kb4 Rh3 45.Rh6+ Kd5 46.Rh5+ 
Ke4 47.Rh7 Rh1 48.Kc3 h3 49.Kd2 b5 50.Ke2 Rh2+ 51.Kf1 Kd3 52.Kg1 Rg2+ 53.
Kf1 Rh2 54.Kg1 Re2 55.Rxh3+ Re3 56.Rh8 b4 57.Kf2 Re5 58.Rd8+ Kc2 59.Rc8+ 
Kb2 60.Kf3 b3 61.Kf4 Re6 62.Kf5 Re7 63.Kf6 Re2 0-1

[Event "6th American Continental (w)"]
[Site "Duran ECU"]
[Date "2011.06.15"]
[Round "5.8"]
[White "Fandino Reyes, Roquelina"]
[Black "Pachon, Adriana"]
[Result "1/2-1/2"]
[WhiteElo "2147"]
[BlackElo "1976"]
[EventDate "2011.06.12"]
[PlyCount "74"]

1.e4 e5 2.Nf3 Nc6 3.Bb5 a6 4.Ba4 Nf6 5.O-O Nxe4 6.d4 b5 7.Bb3 d5 8.dxe5 
Be6 9.Be3 Bc5 10.Qe2 Qe7 11.Rd1 Rd8 12.c3 O-O 13.Bxc5 Nxc5 14.Nd4 Nxd4 15.
cxd4 Nxb3 16.axb3 Bc8 17.Nc3 f6 18.exf6 Qxf6 19.Rac1 Qg6 20.Qe5 Rf5 21.
Qxc7 Rdf8 22.f4 Be6 23.Rf1 Qg4 24.Rce1 Rh5 25.Re3 Bf7 26.h3 Qh4 27.Qd7 Qf6
28.Re5 Rd8 29.Qe7 Rxe5 30.Qxe5 Qb6 31.f5 Re8 32.Qf4 Qf6 33.Qf2 Kf8 34.Kh1 
Kg8 35.Kg1 Kf8 36.Kh1 Kg8 37.Kg1 Kf8 1/2-1/2

[Event "6th American Continental (w)"]
[Site "Duran ECU"]
[Date "2011.06.15"]
[Round "5.9"]
[White "Martinez, Ayelen"]
[Black "Orozco Lopez, Luz Elena"]
[Result "0-1"]
[WhiteElo "1992"]
[BlackElo "2145"]
[EventDate "2011.06.12"]
[PlyCount "66"]

1.e4 d5 2.exd5 Qxd5 3.Nc3 Qa5 4.Bc4 Nf6 5.d3 c6 6.f4 Bg4 7.Ne2 e6 8.h3 Bh5
9.O-O Be7 10.Bd2 Qc7 11.Qe1 Nbd7 12.f5 exf5 13.Nd4 g6 14.Kh1 Nb6 15.Bf4 
Qd7 16.Ndb5 O-O 17.Nc7 Rac8 18.Ne6 Rfe8 19.Bb3 Nbd5 20.Ng5 h6 21.Nf3 Bxf3 
22.Rxf3 Nxf4 23.Rxf4 Bd6 24.Qg3 Kg7 25.Qf2 Bxf4 26.Qxf4 Qc7 27.Qf3 Qe5 28.
Qf2 Qe3 29.Qh4 f4 30.Ne4 Nxe4 31.dxe4 Rxe4 32.Rd1 f3 33.Qg3 f2 0-1

[Event "6th American Continental (w)"]
[Site "Duran ECU"]
[Date "2011.06.15"]
[Round "5.10"]
[White "Real Pereyra, Diana Carime"]
[Black "Ubaldo Suarez, Maria Gisela"]
[Result "1/2-1/2"]
[WhiteElo "1976"]
[BlackElo "2079"]
[EventDate "2011.06.12"]
[PlyCount "143"]

1.e4 c5 2.Nf3 Nc6 3.Nc3 g6 4.Bc4 Bg7 5.O-O e6 6.d4 Nxd4 7.Nxd4 cxd4 8.Nb5 
Qb6 9.c3 a6 10.Nxd4 Ne7 11.Bb3 O-O 12.Be3 Qc7 13.f4 d6 14.Qe1 d5 15.e5 Nc6
16.Nf3 b6 17.Qh4 Rb8 18.Rae1 Ne7 19.g4 h6 20.Bc2 Qd8 21.f5 exf5 22.Bxh6 
Qc7 23.Ng5 Bxe5 24.Bxf8 Kxf8 25.Nf3 Bg7 26.gxf5 Bxf5 27.Bxf5 Nxf5 28.Qf2 
Kg8 29.Nh4 Nd6 30.Rd1 Ne4 31.Qg2 Qc5+ 32.Kh1 Re8 33.Nf3 b5 34.Nd4 Re5 35.
Qf3 Qc7 36.Qf4 g5 37.Qg4 Qc5 38.Qg2 Qc8 39.Qf3 Qd7 40.Nf5 Bf8 41.Ne3 Bg7 
42.Ng4 Re6 43.Qf5 Rd6 44.Qxd7 Rxd7 45.Ne3 d4 46.Nf5 d3 47.Kg2 Bf8 48.Rfe1 
Nf6 49.Nd4 Nd5 50.Kf3 Nf4 51.h4 f6 52.Ne6 d2 53.Re3 Nxe6 54.Rxe6 Kf7 55.
Re2 Bh6 56.hxg5 Bxg5 57.Re4 Rd3+ 58.Ke2 Rh3 59.a4 f5 60.Rd4 Re3+ 61.Kf2 
Rh3 62.axb5 axb5 63.Rd5 Ke6 64.Rxb5 Rh2+ 65.Kf3 Rh3+ 66.Kg2 Rd3 67.Ra5 Bd8
68.Ra2 Kd5 69.Kf2 Bg5 70.Ra5+ Ke4 71.Ra4+ Ke5 72.Ra5+ 1/2-1/2

[Event "6th American Continental (w)"]
[Site "Duran ECU"]
[Date "2011.06.15"]
[Round "5.11"]
[White "Mendoza Velazquez, Lorena Alejandra"]
[Black "Salazar Loor, Sara"]
[Result "1/2-1/2"]
[WhiteElo "2033"]
[BlackElo "2002"]
[EventDate "2011.06.12"]
[PlyCount "58"]

1.d4 Nf6 2.Nf3 d6 3.c4 g6 4.Nc3 Bg7 5.e4 O-O 6.Be3 Nbd7 7.Nd2 e5 8.d5 a5 
9.Be2 Ne8 10.a3 f5 11.f3 f4 12.Bf2 g5 13.h3 h5 14.b4 Ndf6 15.c5 Rf7 16.Nc4
axb4 17.axb4 Rxa1 18.Qxa1 Bf8 19.Qa8 c6 20.dxc6 bxc6 21.Nb6 Rb7 22.Ba6 Nc7
23.Bc4+ d5 24.Qxc8 Qxc8 25.Nxc8 dxc4 26.Nb6 Na6 27.Nxc4 Rxb4 28.Nxe5 Nxc5 
29.O-O Ne6 1/2-1/2

[Event "6th American Continental (w)"]
[Site "Duran ECU"]
[Date "2011.06.15"]
[Round "5.12"]
[White "Cordero Loup, Ely Daniela"]
[Black "Matute Loja, Maria Belen"]
[Result "1-0"]
[WhiteElo "2058"]
[BlackElo "1946"]
[EventDate "2011.06.12"]
[PlyCount "83"]

1.d4 Nf6 2.Nf3 d6 3.c4 Nbd7 4.g3 g6 5.Bg2 Bg7 6.O-O O-O 7.Nc3 c6 8.e4 e5 
9.h3 a6 10.a4 a5 11.Be3 Ne8 12.dxe5 Nxe5 13.Nxe5 Bxe5 14.c5 Be6 15.f4 Bg7 
16.Qe2 f5 17.Rfd1 Qc7 18.cxd6 Nxd6 19.Bc5 Rfd8 20.exf5 Bxf5 21.g4 Bc8 22.
Qf2 Nf7 23.Re1 Ra6 24.Bf1 b6 25.Be3 Ra8 26.Bxb6 Qxb6 27.Re8+ Rxe8 28.Qxb6 
Re7 29.Bc4 Bb7 30.Rd1 Rae8 31.Qxa5 Bh6 32.g5 Bg7 33.Qb4 h6 34.a5 hxg5 35.
a6 Ba8 36.fxg5 c5 37.Qxc5 Re5 38.Bxf7+ Kxf7 39.Qc4+ R8e6 40.Rd7+ Kg8 41.
Rd8+ Kh7 42.Qh4+ 1-0

[Event "6th American Continental (w)"]
[Site "Duran ECU"]
[Date "2011.06.15"]
[Round "5.13"]
[White "Rosales Murillo, Cristina"]
[Black "Plazaola, Maria De los Angeles"]
[Result "0-1"]
[WhiteElo "1638"]
[BlackElo "2181"]
[EventDate "2011.06.12"]
[PlyCount "85"]

1.e4 c5 2.Nf3 Nc6 3.d4 cxd4 4.Nxd4 e5 5.Nb5 d6 6.c3 Nf6 7.Bg5 a6 8.N5a3 
Be7 9.Bd3 Be6 10.O-O O-O 11.Nc2 d5 12.Bxf6 Bxf6 13.exd5 Qxd5 14.Qe2 Rad8 
15.Be4 Qd7 16.Nba3 Ne7 17.Rfd1 Qc8 18.Ne3 Ng6 19.Bxg6 hxg6 20.Nac4 b5 21.
Nd2 Be7 22.c4 Qb7 23.cxb5 axb5 24.Nf3 f6 25.b3 Bd6 26.h3 Bf7 27.Nf1 e4 28.
N3d2 f5 29.Rac1 Bd5 30.Ne3 Bc6 31.Ndf1 Rf7 32.Qc2 Rc7 33.Qb2 Rcd7 34.Rd2 
Rc8 35.Rdc2 Bf4 36.b4 Kh7 37.Qb3 Be5 38.a3 Rd6 39.Nd2 Rcd8 40.Nd1 Bf6 41.
Ne3 Rd3 42.Qa2 Be8 43.Qb1 0-1

[Event "6th American Continental (w)"]
[Site "Duran ECU"]
[Date "2011.06.16"]
[Round "6.1"]
[White "Lujan, Carolina"]
[Black "Cori Tello, Deysi"]
[Result "1/2-1/2"]
[WhiteElo "2353"]
[BlackElo "2386"]
[EventDate "2011.06.12"]
[PlyCount "143"]

1.e4 e6 2.Qe2 d5 3.exd5 Nf6 4.Nf3 Nxd5 5.g3 Nc6 6.d4 Be7 7.Bg2 O-O 8.O-O 
a6 9.c4 Nb6 10.Rd1 Bf6 11.Nc3 Qe7 12.Ne4 Re8 13.h4 Bd7 14.Nxf6+ gxf6 15.
Bh6 Kh8 16.Rac1 Rad8 17.b3 a5 18.Qb2 e5 19.c5 Nc8 20.d5 Nb4 21.a3 Na6 22.
b4 Bg4 23.Rd2 b6 24.Be3 axb4 25.axb4 Qd7 26.Nh2 Bh3 27.Bf3 Qf5 28.Qa3 e4 
29.Bg2 Bxg2 30.Kxg2 Nb8 31.d6 cxd6 32.c6 Ne7 33.c7 Rd7 34.cxb8=Q Rxb8 35.
b5 Rg8 36.Qb3 Ng6 37.Qd5 Nxh4+ 38.Kh1 Qg6 39.Rc4 Re7 40.Bf4 Nf5 41.Re2 Qh5
42.Qd2 d5 43.Rc6 e3 44.fxe3 d4 45.e4 Nxg3+ 46.Bxg3 Rxg3 47.Rc8+ Kg7 48.Rg2
Qh3 49.Rxg3+ Qxg3 50.Rc1 Qe3 51.Qg2+ Kf8 52.Rc8+ Re8 53.Rxe8+ Kxe8 54.Ng4 
Qe1+ 55.Kh2 Ke7 56.Qf3 Qh4+ 57.Kg2 h5 58.Nf2 Qg5+ 59.Qg3 h4 60.Qxg5 fxg5 
61.Kf3 Ke6 62.Nd3 f6 63.Kg4 Kd6 64.Nb4 Ke5 65.Nd5 d3 66.Nxb6 Kxe4 67.Nc4 
Kd4 68.Nb2 f5+ 69.Kxg5 h3 70.b6 h2 71.b7 h1=Q 72.b8=Q 1/2-1/2

[Event "6th American Continental (w)"]
[Site "Duran ECU"]
[Date "2011.06.16"]
[Round "6.2"]
[White "Linares Napoles, Oleiny"]
[Black "Mateus Urbano, Martha"]
[Result "1-0"]
[WhiteElo "2319"]
[BlackElo "2170"]
[EventDate "2011.06.12"]
[PlyCount "107"]

1.c4 c5 2.Nf3 Nf6 3.g3 Nc6 4.Bg2 e5 5.d3 h6 6.Nc3 d6 7.a3 Be6 8.Rb1 d5 9.
cxd5 Nxd5 10.Bd2 Be7 11.O-O O-O 12.Nxd5 Bxd5 13.b4 e4 14.Ne1 exd3 15.Nxd3 
Bxg2 16.Kxg2 c4 17.Nf4 b5 18.Bc3 Qxd1 19.Rfxd1 Rac8 20.Nd5 Bd6 21.Rd2 Bb8 
22.Rbd1 Rfe8 23.a4 a6 24.Ra1 Be5 25.axb5 axb5 26.Ra6 Bxc3 27.Nxc3 Nxb4 28.
Rb6 Rb8 29.Rxb5 Rxb5 30.Nxb5 Rb8 31.Nc3 Nc6 32.Rd6 Rb3 33.Ne4 Na5 34.Rd8+ 
Kh7 35.Rc8 Kg6 36.Rc5 Ra3 37.g4 Ra4 38.h3 Nb3 39.Rc6+ f6 40.e3 Na5 41.Rc5 
Nb3 42.Rc7 Ra2 43.Nd6 Nd2 44.Nf5 Kh7 45.Nxg7 Ne4 46.Nf5+ Kh8 47.Rxc4 Nxf2 
48.Kg3 Nd1 49.Rc5 Kh7 50.Rc7+ Kh8 51.Kh4 Ra5 52.Kh5 Ra8 53.Kxh6 Nf2 54.Ne7
1-0

[Event "6th American Continental (w)"]
[Site "Duran ECU"]
[Date "2011.06.16"]
[Round "6.3"]
[White "Marrero Lopez, Yaniet"]
[Black "Arribas Robaina, Maritza"]
[Result "1/2-1/2"]
[WhiteElo "2328"]
[BlackElo "2300"]
[EventDate "2011.06.12"]
[PlyCount "53"]

1.e4 e6 2.d4 d5 3.e5 c5 4.c3 Qb6 5.Nf3 Bd7 6.Be2 cxd4 7.cxd4 Bb5 8.Nc3 
Bxe2 9.Nxe2 Nc6 10.O-O Nge7 11.Ng3 g6 12.b3 Bg7 13.Bg5 h6 14.Be3 O-O 15.h4
Nf5 16.Nxf5 gxf5 17.Ne1 f4 18.Bxf4 Qxd4 19.Nd3 Nxe5 20.Bxe5 Bxe5 21.Nxe5 
Qxe5 22.Re1 Qf6 23.Re3 Rac8 24.Rf3 Qe5 25.Re3 Qf6 26.Rf3 Qe5 27.Re3 
1/2-1/2

[Event "6th American Continental (w)"]
[Site "Duran ECU"]
[Date "2011.06.16"]
[Round "6.4"]
[White "Orozco Lopez, Lina Yomayra"]
[Black "Salazar Cardona, Aura Cristina"]
[Result "1-0"]
[WhiteElo "2145"]
[BlackElo "2194"]
[EventDate "2011.06.12"]
[PlyCount "96"]

1.e4 c5 2.Nf3 d6 3.d4 cxd4 4.Nxd4 Nf6 5.Nc3 g6 6.g3 Nc6 7.Nde2 Bg7 8.Bg2 
O-O 9.O-O Rb8 10.a4 a6 11.Nd5 b5 12.axb5 axb5 13.c3 Nd7 14.Nd4 Nxd4 15.
cxd4 e6 16.Nb4 Bb7 17.Be3 Nb6 18.b3 Qe7 19.Ra5 Nd7 20.Rxb5 Bxe4 21.Rxb8 
Rxb8 22.Nc6 Bxc6 23.Bxc6 d5 24.Qd3 h5 25.Bd2 Nf6 26.b4 Ne4 27.b5 Nxd2 28.
Qxd2 Qf6 29.Rd1 h4 30.Qe3 Qf5 31.Qd3 Qg4 32.f3 Qh5 33.Qe3 Qf5 34.Qd3 Qg5 
35.Qd2 Qf5 36.Qd3 Qh5 37.g4 Qg5 38.Qd2 Qf6 39.f4 g5 40.Kg2 gxf4 41.Kf3 Bh8
42.h3 Rc8 43.Qe2 Qe7 44.Qb2 Qd6 45.Ra1 Bg7 46.Rb1 Qc7 47.Ra1 Qb6 48.Qa2 
Rc7 1-0

[Event "6th American Continental (w)"]
[Site "Duran ECU"]
[Date "2011.06.16"]
[Round "6.5"]
[White "Rodriguez Rueda, Paula Andrea"]
[Black "Heredia Serrano, Carla"]
[Result "1-0"]
[WhiteElo "2069"]
[BlackElo "2071"]
[EventDate "2011.06.12"]
[PlyCount "109"]

1.d4 d5 2.Nf3 Nf6 3.c4 c6 4.Nc3 dxc4 5.a4 a5 6.e3 Bg4 7.Bxc4 e6 8.h3 Bh5 
9.O-O Bb4 10.Be2 Nbd7 11.Qb3 O-O 12.Rd1 Qc7 13.Bd2 Rfd8 14.Rac1 e5 15.Ng5 
Nc5 16.dxc5 Bxe2 17.Nxe2 Bxd2 18.Rc4 h6 19.Nf3 Bb4 20.Ng3 Rd5 21.Rcc1 Rad8
22.Rxd5 Rxd5 23.e4 Rxc5 24.Rxc5 Bxc5 25.Qc2 Bd4 26.Nf5 Qb6 27.N3xd4 exd4 
28.e5 Nd5 29.Nd6 d3 30.Qxd3 Qxb2 31.Qf5 Qc1+ 32.Kh2 Qf4+ 33.Qxf4 Nxf4 34.
Nxb7 Nd3 35.Nxa5 c5 36.Nc4 Kf8 37.a5 Nb4 38.Kg3 Ke7 39.Kf4 Kd7 40.Ke4 Ke6 
41.f4 f5+ 42.exf6 Kxf6 43.g4 Ke6 44.h4 Kd7 45.Kf5 Kc6 46.Kg6 Kb5 47.Nd6+ 
Kc6 48.Nc4 Kb5 49.Na3+ Ka4 50.Nb1 Nd3 51.a6 Nxf4+ 52.Kxg7 Nd5 53.a7 Nb6 
54.Kxh6 c4 55.g5 1-0

[Event "6th American Continental (w)"]
[Site "Duran ECU"]
[Date "2011.06.16"]
[Round "6.6"]
[White "Chirivi Castiblanco, Jenny Astrid"]
[Black "Orozco Lopez, Luz Elena"]
[Result "1-0"]
[WhiteElo "2226"]
[BlackElo "2145"]
[EventDate "2011.06.12"]
[PlyCount "59"]

1.d4 Nf6 2.c4 e6 3.Nf3 b6 4.a3 Bb7 5.Nc3 d5 6.cxd5 Nxd5 7.Qc2 Nxc3 8.bxc3 
c5 9.e4 Be7 10.Bd3 O-O 11.O-O Qc8 12.Qe2 Ba6 13.Bb2 Bxd3 14.Qxd3 c4 15.Qe2
Nd7 16.a4 Qc7 17.Nd2 Rfc8 18.e5 a6 19.f4 b5 20.f5 exf5 21.Rxf5 Qc6 22.Raf1
Rf8 23.a5 Rac8 24.Ne4 f6 25.d5 Bc5+ 26.Kh1 Qxd5 27.exf6 Qe6 28.Qf3 Bd6 29.
Ng5 Ne5 30.Qh3 1-0

[Event "6th American Continental (w)"]
[Site "Duran ECU"]
[Date "2011.06.16"]
[Round "6.7"]
[White "Pachon, Adriana"]
[Black "Romero Echeverria, Abigail"]
[Result "0-1"]
[WhiteElo "1976"]
[BlackElo "2062"]
[EventDate "2011.06.12"]
[PlyCount "80"]

1.e4 c5 2.c3 d5 3.exd5 Qxd5 4.d4 g6 5.Nf3 Bg7 6.Na3 Nf6 7.Nc2 O-O 8.Be2 
cxd4 9.Ncxd4 Nc6 10.O-O a6 11.Nxc6 Qxc6 12.Nd4 Qc7 13.Bf3 e5 14.Nb3 Be6 
15.Re1 Rad8 16.Nd2 Rd7 17.Qe2 Nd5 18.Nc4 Nxc3 19.bxc3 Bxc4 20.Qb2 Bd5 21.
Bxd5 Rxd5 22.Be3 Qc6 23.Rac1 b5 24.Qb3 Rd3 25.Rc2 e4 26.Rec1 Rc8 27.Bd2 
Qd6 28.Be1 Rc4 29.h3 Bh6 30.Ra1 e3 31.Qb2 exf2+ 32.Bxf2 Rd1+ 33.Rxd1 Qxd1+
34.Kh2 Bf4+ 35.g3 Be5 36.Rd2 Qf3 37.Qa3 b4 38.Qxa6 Rxc3 39.Qf1 Bxg3+ 40.
Kg1 Bxf2+ 0-1

[Event "6th American Continental (w)"]
[Site "Duran ECU"]
[Date "2011.06.16"]
[Round "6.8"]
[White "Fandino Reyes, Roquelina"]
[Black "Cordero Loup, Ely Daniela"]
[Result "0-1"]
[WhiteElo "2147"]
[BlackElo "2058"]
[EventDate "2011.06.12"]
[PlyCount "102"]

1.e4 e6 2.d4 d5 3.Nc3 Nf6 4.Bg5 Bb4 5.e5 h6 6.Bd2 Bxc3 7.bxc3 Ne4 8.Qg4 g6
9.Bd3 Nxd2 10.Kxd2 c5 11.h4 Qa5 12.Rh3 cxd4 13.Bxg6 dxc3+ 14.Kd1 Qc7 15.
Bd3 Qxe5 16.Re3 Qd6 17.Qg7 Rf8 18.Nf3 Nc6 19.Qxh6 Bd7 20.Qf6 Rc8 21.h5 Qe7
22.Qg7 Kd8 23.Rb1 b6 24.h6 f6 25.Nh4 Qxg7 26.hxg7 Rg8 27.Rg3 f5 28.Rg5 Ke8
29.g4 Ne5 30.Ba6 Rc7 31.gxf5 Nf7 32.Rg1 exf5 33.Bd3 Nd6 34.Be2 Bc8 35.Bh5+
Kd8 36.Rb3 Rgxg7 37.Rxg7 Rxg7 38.Bg6 Rc7 39.Nf3 Ke7 40.Nd4 Kf6 41.Bh5 Ba6 
42.Bf3 Ne4 43.Bxe4 fxe4 44.Ne2 Bxe2+ 45.Kxe2 Ke5 46.Rb1 d4 47.Rh1 Kd5 48.
Rh5+ Kc4 49.Rh4 Re7 50.Rf4 b5 51.Rh4 a5 0-1

[Event "6th American Continental (w)"]
[Site "Duran ECU"]
[Date "2011.06.16"]
[Round "6.9"]
[White "Salazar Loor, Sara"]
[Black "Frometa Castillo, Zirka"]
[Result "1-0"]
[WhiteElo "2002"]
[BlackElo "2125"]
[EventDate "2011.06.12"]
[PlyCount "88"]

1.e4 c6 2.d4 g6 3.Nf3 Bg7 4.Bd3 d5 5.e5 Bg4 6.h3 Bxf3 7.Qxf3 Na6 8.a3 Nc7 
9.O-O e6 10.Re1 h5 11.Nd2 Nh6 12.Nf1 Nf5 13.c3 Qe7 14.b4 Bh6 15.a4 Bxc1 
16.Rexc1 f6 17.exf6 Qxf6 18.Qf4 Qg7 19.Qg5 Qh6 20.Qf6 Rf8 21.Qe5 Kd7 22.b5
Qh8 23.bxc6+ bxc6 24.Qe2 Qf6 25.Nh2 Nd6 26.Nf3 Nf7 27.c4 g5 28.cxd5 Nxd5 
29.Be4 Rab8 30.Qa6 Rbc8 31.Bxd5 exd5 32.Qxa7+ Rc7 33.Qc5 Qd6 34.Qc2 g4 35.
hxg4 hxg4 36.Qf5+ Qe6 37.Ne5+ Kd6 38.Qxe6+ Kxe6 39.Rxc6+ Rxc6 40.Nxc6 Rc8 
41.Na7 Rc4 42.Nb5 Nd6 43.Nxd6 Kxd6 44.a5 Rc7 1-0

[Event "6th American Continental (w)"]
[Site "Duran ECU"]
[Date "2011.06.16"]
[Round "6.10"]
[White "Real Pereyra, Diana Carime"]
[Black "Castrillon Gomez, Melissa"]
[Result "1-0"]
[WhiteElo "1976"]
[BlackElo "2386"]
[EventDate "2011.06.12"]
[PlyCount "151"]

1.e4 c5 2.Nf3 d6 3.d4 Nf6 4.Nc3 cxd4 5.Nxd4 g6 6.Bg5 Bg7 7.Bb5+ Bd7 8.Qe2 
Nc6 9.O-O-O O-O 10.Bxc6 bxc6 11.e5 c5 12.Nb3 c4 13.Qxc4 dxe5 14.Nc5 Rc8 
15.Qb4 Rc7 16.Bxf6 exf6 17.Nb5 a5 18.Qa3 Bxb5 19.Rxd8 Rxd8 20.Qxa5 Rdc8 
21.Qxb5 Rxc5 22.Qe2 f5 23.f3 Rb8 24.b3 Rb4 25.c4 Bh6+ 26.Kb1 Rcxc4 27.Qxe5
Rc8 28.Rd1 Rb7 29.Qf6 Rbb8 30.g3 Bg7 31.Qd6 Rb7 32.Rc1 Re8 33.Qa6 Rbe7 34.
Rc8 Re1+ 35.Kc2 Rxc8+ 36.Qxc8+ Bf8 37.a4 Re2+ 38.Kb1 Re1+ 39.Kc2 Re2+ 40.
Kc1 Kg7 41.a5 Bb4 42.Qc4 Re1+ 43.Kc2 Bxa5 44.b4 Bxb4 45.Qxb4 Re2+ 46.Kd3 
Rxh2 47.Qd4+ f6 48.Qd7+ Kh6 49.Qe7 Ra2 50.Qxf6 Ra3+ 51.Ke2 Ra2+ 52.Ke3 
Ra3+ 53.Kf4 Ra4+ 54.Ke5 Ra5+ 55.Kd4 Ra4+ 56.Kc5 Ra3 57.Qf8+ Kh5 58.Qe7 Kh6
59.Qf8+ Kh5 60.Qg7 Kg5 61.Qxh7 Kf6 62.Qh8+ Kf7 63.Qd8 Kg7 64.Qe7+ Kh6 65.
f4 Ra8 66.Kd5 Ra2 67.Kd4 Ra4+ 68.Kd3 Re4 69.Qxe4 fxe4+ 70.Kxe4 Kg7 71.Ke5 
Kf7 72.g4 Ke7 73.g5 Kf7 74.Kd6 Kf8 75.Ke6 Kg7 76.Ke7 1-0

[Event "6th American Continental (w)"]
[Site "Duran ECU"]
[Date "2011.06.16"]
[Round "6.11"]
[White "Ubaldo Suarez, Maria Gisela"]
[Black "Mendoza Velazquez, Lorena Alejandra"]
[Result "1/2-1/2"]
[WhiteElo "2079"]
[BlackElo "2033"]
[EventDate "2011.06.12"]
[PlyCount "61"]

1.d4 c5 2.d5 e6 3.Nc3 a6 4.a4 Nf6 5.e4 exd5 6.exd5 d6 7.Bd3 b6 8.Nf3 Be7 
9.O-O O-O 10.h3 Nbd7 11.Re1 Bb7 12.Bc4 Re8 13.Bf4 Bf8 14.Qd2 Rxe1+ 15.Rxe1
Ne8 16.Bg5 Ndf6 17.Nh2 Qd7 18.b3 h6 19.Bh4 g6 20.Re3 g5 21.Bg3 Nc7 22.h4 
b5 23.hxg5 hxg5 24.Rf3 Bg7 25.Bd3 Nfxd5 26.Nxd5 Bxd5 27.Bf5 Be6 28.Qxg5 
bxa4 29.bxa4 Bxf5 30.Qxf5 Qxf5 31.Rxf5 1/2-1/2

[Event "6th American Continental (w)"]
[Site "Duran ECU"]
[Date "2011.06.16"]
[Round "6.12"]
[White "Plazaola, Maria De los Angeles"]
[Black "Matute Loja, Maria Belen"]
[Result "1-0"]
[WhiteElo "2181"]
[BlackElo "1946"]
[EventDate "2011.06.12"]
[PlyCount "83"]

1.e4 c5 2.Nf3 g6 3.c3 Bg7 4.d4 cxd4 5.cxd4 d5 6.e5 Bg4 7.Nc3 e6 8.Nb5 Bf8 
9.Qa4 Nc6 10.Bg5 Qb8 11.Bf4 Bxf3 12.Nd6+ Bxd6 13.exd6 Kd7 14.gxf3 g5 15.
Bg3 Nh6 16.Bd3 Nf5 17.Be5 f6 18.Bxf6 Rf8 19.Be5 Nxd6 20.Rg1 h6 21.f4 b5 
22.Qd1 Nxe5 23.dxe5 Nc4 24.Bxc4 bxc4 25.Qa4+ Ke7 26.Qa3+ Kd7 27.O-O-O Rxf4
28.Qc5 Qxe5 29.Qb5+ Kd8 30.Rge1 Rb8 31.Rxd5+ Qxd5 32.Qxb8+ Ke7 33.Rd1 Qa5 
34.Qd6+ Kf7 35.Qd7+ Kf6 36.Qh7 Qf5 37.Qxh6+ Qg6 38.Qf8+ Qf7 39.Qc8 Qg6 40.
Qd8+ Kf5 41.Rd7 Kg4 42.Rxa7 1-0

[Event "6th American Continental (w)"]
[Site "Duran ECU"]
[Date "2011.06.16"]
[Round "6.13"]
[White "Rosales Murillo, Cristina"]
[Black "Martinez, Ayelen"]
[Result "0-1"]
[WhiteElo "1638"]
[BlackElo "1992"]
[EventDate "2011.06.12"]
[PlyCount "124"]

1.e4 c5 2.Nf3 d6 3.d4 cxd4 4.Nxd4 Nf6 5.Nc3 a6 6.Bc4 e6 7.Bb3 Nbd7 8.f4 b5
9.a3 Nc5 10.f5 e5 11.Nc6 Qd7 12.Nb4 Nfxe4 13.Nxe4 Nxe4 14.Bd5 Bb7 15.Qf3 
Nc5 16.O-O Be7 17.Be3 Rb8 18.Bxc5 dxc5 19.Nc6 O-O 20.Nxb8 Rxb8 21.Rad1 Qc7
22.Bxb7 Rxb7 23.Rd5 Rb8 24.Rfd1 c4 25.Kf1 Bf6 26.Rd7 Qb6 27.R1d6 Qc5 28.
Rc6 Qf8 29.Qd5 e4 30.Rcc7 Kh8 31.Rxf7 Qe8 32.Rcd7 Bxb2 33.Rde7 Qc8 34.Qxe4
Qd8 35.Rd7 Qg5 36.Rb7 Qc1+ 37.Ke2 Rd8 38.Rbd7 Qg5 39.Rfe7 Rg8 40.Kf1 Qc1+ 
41.Kf2 Qg5 42.Re8 h5 43.Rxg8+ Kxg8 44.Qd5+ Kh7 45.Qe4 Qf6 46.Qf3 Qh4+ 47.
Kf1 Qxh2 48.f6 Qh1+ 49.Ke2 Bxf6 50.Qxf6 Qxg2+ 51.Ke3 Qh3+ 52.Qf3 Qxd7 53.
Qxh5+ Kg8 54.Qe5 Kf7 55.Qh5+ Ke7 56.Qg5+ Kd6 57.Qf4+ Kc6 58.Qe4+ Kb6 59.
Qg6+ Ka5 60.c3 Qh3+ 61.Kd2 Qd3+ 62.Qxd3 cxd3 0-1

[Event "6th American Continental (w)"]
[Site "Duran ECU"]
[Date "2011.06.17"]
[Round "7.1"]
[White "Orozco Lopez, Lina Yomayra"]
[Black "Linares Napoles, Oleiny"]
[Result "1/2-1/2"]
[WhiteElo "2145"]
[BlackElo "2319"]
[EventDate "2011.06.12"]
[PlyCount "108"]

1.e4 d6 2.d4 g6 3.Nc3 Bg7 4.g3 Nf6 5.Bg2 O-O 6.Nge2 e5 7.h3 c6 8.a4 Na6 9.
O-O exd4 10.Nxd4 Re8 11.Nb3 Be6 12.Nd2 d5 13.e5 Nd7 14.f4 f6 15.exf6 Nxf6 
16.Nf3 Nb4 17.g4 a5 18.Ne2 Qb6+ 19.Kh2 Rad8 20.c3 Na6 21.Ned4 Bc8 22.Rb1 
Nc5 23.Ne5 Nfe4 24.Qc2 Qc7 25.Ndf3 Ne6 26.c4 Qd6 27.cxd5 cxd5 28.Rd1 Qf8 
29.Nd3 g5 30.Nxg5 N4xg5 31.fxg5 Qd6+ 32.Kh1 b6 33.Rf1 Nd4 34.Qf2 Rf8 35.
Nf4 Bb7 36.Be3 Ne6 37.Qd2 Nxg5 38.Nh5 Ne4 39.Bxe4 dxe4 40.Qxd6 Rxd6 41.
Nxg7 Rxf1+ 42.Rxf1 Kxg7 43.Kg1 Kg6 44.Rc1 Ba6 45.Kg2 Be2 46.Rc7 Bd1 47.Rc4
Bb3 48.Rd4 Rf6 49.Kg1 Bc2 50.Rd7 Bd3 51.Rc7 Rd6 52.Rb7 Bc2 53.Rxb6 Rxb6 
54.Bxb6 Bxa4 1/2-1/2